| 000 | 00635nam a22002417a 4500 | ||
|---|---|---|---|
| 003 | UA-OsUOA | ||
| 001 | 39177 | ||
| 007 | ta | ||
| 008 | 20080312b un ||||| |||| 00| 0 ukr d | ||
| 100 | _aКотанський О. | ||
| 090 |
_a09/82-34 _bК73 |
||
| 942 | _cBR | ||
| 040 |
_aUA-OsUOA _bukr _cUA-OsUOA _dUA-OsUOA |
||
| 245 | _aБатьки і діти | ||
| 300 | _a29 с. | ||
| 955 | _a1 | ||
| 041 | _aukr | ||
| 080 | _a09/82-34 | ||
| 260 |
_aNew Britain _b"Світанок" _c1946 |
||
| 246 | 3 | 1 | _aДрама з народнього життя на 5 дій |
| 650 | 7 |
_a0 Загальний відділ. _2UDC |
|
| 999 |
_c437686 _d437686 |
||